From desert to breadbasket : developing Kansas's land resources /

Bibliographic Details
Main Author: Muilenburg, Grace
Corporate Author: Kansas Agricultural Experiment Station
Other Authors: Smith, Floyd W., Brandner, Lowell
Format: Book
Language:English
Published: Manhattan : Agricultural Experiment Station, Kansas State University, 1975.
Subjects:

MARC

Tag First Indicator Second Indicator Subfields
LEADER 00000cam a2200000 a 4500
001 in00000073436
005 20151008053500.0
008 770310s1975 ksuab s00010 eng d
035 |a (OCoLC)02789700 
035 |9 AAH7572AM 
040 |a UPM  |c UPM  |d OCL  |d m.c.  |d TXA  |d UtOrBLW 
043 |a n-us-ks 
049 |a TXAM  |c [1499961] 
090 |a S451.K2  |b M8 
100 1 |a Muilenburg, Grace. 
245 1 0 |a From desert to breadbasket :  |b developing Kansas's land resources /  |c Grace Muilenburg, Floyd W. Smith, Lowell Brandner. 
264 1 |a Manhattan :  |b Agricultural Experiment Station, Kansas State University,  |c 1975. 
300 |a 40 pages :  |b illustrations, maps ;  |c 28 cm. 
336 |a text  |b txt  |2 rdacontent 
337 |a unmediated  |b n  |2 rdamedia 
338 |a volume  |b nc  |2 rdacarrier 
500 |a Caption title. 
500 |a "Contribution number 141. Office of Vice President for Agriculture, Kansas Agricultural Experiment Station, Manhattan." 
500 |a "A centennial publication of the Agricultural Experiment Station, Kansas State University, Manhattan." 
610 2 0 |a Kansas Agricultural Experiment Station. 
650 0 |a Agriculture  |z Kansas  |x History. 
650 0 |a Agriculture  |x Research  |z Kansas. 
700 1 |a Smith, Floyd W. 
700 1 |a Brandner, Lowell. 
710 2 |a Kansas Agricultural Experiment Station. 
999 |a MARS 
999 f f |s 2a005501-bc07-3fa4-859c-d19fe6fd3e40  |i 46c07b54-5166-34d4-88d5-e4d23e5f02b5  |t 0 
952 f f |p ric  |a Texas A&M University  |b Rellis Campus  |c Joint Library Facility  |d Remote Storage  |t 0  |e S451.K2 M8  |h Library of Congress classification  |i unmediated -- volume  |m A14806233569 
998 f f |a S451.K2 M8  |t 0  |l Remote Storage